000 00749cam a2200265 4500500
005 20260405003711.0
041 _afre
042 _adc
100 1 0 _aLarmagnac-Matheron, Octave
_eauthor
245 0 0 _aY a de l’électricité dans l’air
260 _c2023.
500 _a81
690 _aClimat
690 _aConsommation
690 _aDépense
690 _aÉlectricité
690 _aÉnergie
690 _afossile
690 _aNucléaire
690 _apollution
690 _aProduction
690 _aTransition écologique
786 0 _nPhilosophie magazine | 170 | 6 | 2023-06-01 | p. 8-8 | 1951-1787
856 4 1 _uhttps://shs.cairn.info/magazine-philosophie-magazine-2023-6-page-8?lang=fr&redirect-ssocas=7080
999 _c2069997
_d2069997